000 00289nam a22001217a 4500
008 171218b xxu||||| |||| 00| 0 eng d
041 _aeng
080 _a616-053.2
100 _a8
101 _aPED
245 _aPREGNANCY, CHILDBIRTH, AND THE POSTPARTUM PERIOD
_cAHEC,W
942 _2udc
_cBK
999 _c39061
_d39061